[Event "Deutsche Ländermeisterschaft 2024"]
[Site "Tübingen GER"]
[Date "2024.10.04"]
[Round "4"]
[White "Kieselbach, Jannik"]
[Black "Fischer, Darja"]
[Result "1/2-1/2"]
[Termination "normal"]
[Board "5.4"]
[WhiteElo "2014"]
[BlackElo "1872"]
[WhiteClock "01:22:34"]
[BlackClock "00:29:32"]
[WhiteTeam "Niedersachsen"]
[BlackTeam "Baden"]
[PlyCount "117"]
[WhiteFideId "16246403"]
[BlackFideId "16240898"]
[EventCountry "GER"]
[EventRounds "7"]
[EventType "team-swiss"]
[EventDate "2024.10.02"]

1. e4 {[%clk 01:30:54]} {[%emt 00:00:04]} c6 {[%clk 01:30:58]} {[%emt
00:00:03]} 2. Nc3 {[%clk 01:31:13]} {[%emt 00:00:11]} d5 {[%clk 01:31:25]}
{[%emt 00:00:04]} 3. Nf3 {[%clk 01:31:32]} {[%emt 00:00:10]} dxe4 {[%clk
01:31:37]} {[%emt 00:00:19]} 4. Nxe4 {[%clk 01:31:53]} {[%emt 00:00:08]} Bg4
{[%clk 01:31:33]} {[%emt 00:00:34]} 5. h3 {[%clk 01:32:03]} {[%emt 00:00:19]}
Bxf3 {[%clk 01:31:47]} {[%emt 00:00:18]} 6. Qxf3 {[%clk 01:32:20]} {[%emt
00:00:12]} Nd7 {[%clk 01:31:43]} {[%emt 00:00:35]} 7. d4 {[%clk 01:30:16]}
{[%emt 00:02:33]} e6 {[%clk 01:32:06]} {[%emt 00:00:08]} 8. Bd3 {[%clk
01:29:47]} {[%emt 00:00:58]} Ngf6 {[%clk 01:31:21]} {[%emt 00:01:15]} 9. c3
{[%clk 01:28:33]} {[%emt 00:01:44]} Be7 {[%clk 01:30:27]} {[%emt 00:01:24]} 10.
O-O {[%clk 01:28:42]} {[%emt 00:00:20]} O-O {[%clk 01:28:57]} {[%emt 00:02:02]}
11. Be3 {[%clk 01:22:34]} {[%emt 00:06:38]} Nxe4 {[%clk 00:29:32]} 12. Bxe4
{[%clk 01:22:34]} Nf6 {[%clk 00:29:32]} 13. Bc2 {[%clk 01:22:34]} Qd5 {[%clk
00:29:32]} 14. Qe2 {[%clk 01:22:34]} Rad8 {[%clk 00:29:32]} 15. Rfe1 {[%clk
01:22:34]} c5 {[%clk 00:29:32]} 16. Rad1 {[%clk 01:22:34]} Qc6 {[%clk
00:29:32]} 17. Rd2 {[%clk 01:22:34]} Nd5 {[%clk 00:29:32]} 18. Qh5 {[%clk
01:22:34]} g6 {[%clk 00:29:32]} 19. Qh6 {[%clk 01:22:34]} Nxe3 {[%clk
00:29:32]} 20. fxe3 {[%clk 01:22:34]} Bf6 {[%clk 00:29:32]} 21. Rf2 {[%clk
01:22:34]} Bg7 {[%clk 00:29:32]} 22. Qh4 {[%clk 01:22:34]} cxd4 {[%clk
00:29:32]} 23. exd4 {[%clk 01:22:34]} b5 {[%clk 00:29:32]} 24. Bb3 {[%clk
01:22:34]} Rd6 {[%clk 00:29:32]} 25. Kh1 {[%clk 01:22:34]} Qb6 {[%clk
00:29:32]} 26. Qe7 {[%clk 01:22:34]} a5 {[%clk 00:29:32]} 27. Ref1 {[%clk
01:22:34]} Qd8 {[%clk 00:29:32]} 28. Qa7 {[%clk 01:22:34]} Qb6 {[%clk
00:29:32]} 29. Qe7 {[%clk 01:22:34]} Qd8 {[%clk 00:29:32]} 30. Qb7 {[%clk
01:22:34]} Qb6 {[%clk 00:29:32]} 31. Qe4 {[%clk 01:22:34]} Qa6 {[%clk
00:29:32]} 32. a3 {[%clk 01:22:34]} b4 {[%clk 00:29:32]} 33. axb4 {[%clk
01:22:34]} axb4 {[%clk 00:29:32]} 34. Rf3 {[%clk 01:22:34]} Rb6 {[%clk
00:29:32]} 35. Bd1 {[%clk 01:22:34]} Rd6 {[%clk 00:29:32]} 36. Qe3 {[%clk
01:22:34]} Rd7 {[%clk 00:29:32]} 37. Qf2 {[%clk 01:22:34]} Qa7 {[%clk
00:29:32]} 38. Bb3 {[%clk 01:22:34]} e5 {[%clk 00:29:32]} 39. dxe5 {[%clk
01:22:34]} Bxe5 {[%clk 00:29:32]} 40. cxb4 {[%clk 01:22:34]} Qxf2 {[%clk
00:29:32]} 41. R3xf2 {[%clk 01:22:34]} Kg7 {[%clk 00:29:32]} 42. Bc4 {[%clk
01:22:34]} f6 {[%clk 00:29:32]} 43. b5 {[%clk 01:22:34]} Ra8 {[%clk 00:29:32]}
44. Rc2 {[%clk 01:22:34]} Rad8 {[%clk 00:29:32]} 45. b3 {[%clk 01:22:34]} Rd2
{[%clk 00:29:32]} 46. Rxd2 {[%clk 01:22:34]} Rxd2 {[%clk 00:29:32]} 47. Rb1
{[%clk 01:22:34]} Kf8 {[%clk 00:29:32]} 48. Be6 {[%clk 01:22:34]} Ke7 {[%clk
00:29:32]} 49. Bg4 {[%clk 01:22:34]} Rb2 {[%clk 00:29:32]} 50. Rxb2 {[%clk
01:22:34]} Bxb2 {[%clk 00:29:32]} 51. b6 {[%clk 01:22:34]} Kd6 {[%clk
00:29:32]} 52. Bf3 {[%clk 01:22:34]} Bd4 {[%clk 00:29:32]} 53. b7 {[%clk
01:22:34]} Kc7 {[%clk 00:29:32]} 54. Kh2 {[%clk 01:22:34]} Be5+ {[%clk
00:29:32]} 55. Kg1 {[%clk 01:22:34]} h5 {[%clk 00:29:32]} 56. h4 {[%clk
01:22:34]} Bg3 {[%clk 00:29:32]} 57. Bd5 {[%clk 01:22:34]} Bxh4 {[%clk
00:29:32]} 58. Bf7 {[%clk 01:22:34]} g5 {[%clk 00:29:32]} 59. Bxh5 {[%clk
01:22:34]} 1/2-1/2

[Event "Deutsche Ländermeisterschaft 2024"]
[Site "Tübingen GER"]
[Date "2024.10.04"]
[Round "4"]
[White "Wilmink, Anna"]
[Black "Kateryniuk, Ivan"]
[Result "1-0"]
[Termination "normal"]
[Board "5.6"]
[WhiteElo "1908"]
[BlackElo "1860"]
[WhiteClock "00:10:53"]
[BlackClock "01:28:21"]
[WhiteTeam "Niedersachsen"]
[BlackTeam "Baden"]
[PlyCount "87"]
[WhiteFideId "16273680"]
[BlackFideId "34138943"]
[EventCountry "GER"]
[EventRounds "7"]
[EventType "team-swiss"]
[EventDate "2024.10.02"]

1. e4 {[%clk 01:30:58]} {[%emt 00:00:01]} e5 {[%clk 01:30:56]} {[%emt
00:00:04]} 2. Nf3 {[%clk 01:31:22]} {[%emt 00:00:06]} Nf6 {[%clk 01:31:23]}
{[%emt 00:00:03]} 3. Nxe5 {[%clk 01:31:44]} {[%emt 00:00:08]} d6 {[%clk
01:31:52]} 4. Nf3 {[%clk 01:32:05]} {[%emt 00:00:10]} Nxe4 {[%clk 01:32:19]}
{[%emt 00:00:04]} 5. d4 {[%clk 01:32:27]} {[%emt 00:00:07]} d5 {[%clk
01:32:46]} {[%emt 00:00:03]} 6. Bd3 {[%clk 01:32:49]} {[%emt 00:00:08]} Bd6
{[%clk 01:32:55]} {[%emt 00:00:20]} 7. c4 {[%clk 01:33:08]} {[%emt 00:00:11]}
c6 {[%clk 01:33:20]} {[%emt 00:00:05]} 8. Nc3 {[%clk 01:33:30]} {[%emt
00:00:08]} Nxc3 {[%clk 01:33:28]} {[%emt 00:00:26]} 9. bxc3 {[%clk 01:33:54]}
{[%emt 00:00:02]} Bg4 {[%clk 01:33:27]} {[%emt 00:00:31]} 10. Qe2+ {[%clk
01:34:11]} {[%emt 00:00:13]} Qe7 {[%clk 01:33:43]} {[%emt 00:00:13]} 11. Qxe7+
{[%clk 01:34:26]} {[%emt 00:00:16]} Bxe7 {[%clk 01:34:11]} {[%emt 00:00:02]}
12. cxd5 {[%clk 01:34:37]} {[%emt 00:00:19]} cxd5 {[%clk 01:34:39]} {[%emt
00:00:02]} 13. Ne5 {[%clk 01:34:50]} {[%emt 00:00:17]} Bd7 {[%clk 01:34:37]}
{[%emt 00:00:31]} 14. Nxd7 {[%clk 01:31:33]} {[%emt 00:03:48]} Nxd7 {[%clk
01:34:50]} {[%emt 00:00:17]} 15. Bf4 {[%clk 01:29:52]} {[%emt 00:02:11]} O-O
{[%clk 01:34:09]} {[%emt 00:01:11]} 16. Rb1 {[%clk 01:29:16]} {[%emt 00:01:06]}
b6 {[%clk 01:32:57]} {[%emt 00:01:42]} 17. Kd2 {[%clk 01:28:19]} {[%emt
00:01:26]} Nf6 {[%clk 01:28:21]} {[%emt 00:05:05]} 18. Rhe1 {[%clk 00:10:53]}
Rfe8 {[%clk 01:28:21]} 19. f3 {[%clk 00:10:53]} Nh5 {[%clk 01:28:21]} 20. Be3
{[%clk 00:10:53]} Bd6 {[%clk 01:28:21]} 21. g3 {[%clk 00:10:53]} Nf6 {[%clk
01:28:21]} 22. Bb5 {[%clk 00:10:53]} Rec8 {[%clk 01:28:21]} 23. Ba6 {[%clk
00:10:53]} Rc7 {[%clk 01:28:21]} 24. Bf2 {[%clk 00:10:53]} h5 {[%clk 01:28:21]}
25. h4 {[%clk 00:10:53]} g6 {[%clk 01:28:21]} 26. a4 {[%clk 00:10:53]} Re7
{[%clk 01:28:21]} 27. Rxe7 {[%clk 00:10:53]} Bxe7 {[%clk 01:28:21]} 28. Rb5
{[%clk 00:10:53]} Rd8 {[%clk 01:28:21]} 29. Kd3 {[%clk 00:10:53]} Ne8 {[%clk
01:28:21]} 30. Rb1 {[%clk 00:10:53]} Nc7 {[%clk 01:28:21]} 31. Bb7 {[%clk
00:10:53]} Rb8 {[%clk 01:28:21]} 32. Bc6 {[%clk 00:10:53]} Kf8 {[%clk
01:28:21]} 33. c4 {[%clk 00:10:53]} dxc4+ {[%clk 01:28:21]} 34. Kxc4 {[%clk
00:10:53]} Ne8 {[%clk 01:28:21]} 35. Kd3 {[%clk 00:10:53]} Nd6 {[%clk
01:28:21]} 36. g4 {[%clk 00:10:53]} Nb7 {[%clk 01:28:21]} 37. Re1 {[%clk
00:10:53]} Na5 {[%clk 01:28:21]} 38. Be4 {[%clk 00:10:53]} Rd8 {[%clk
01:28:21]} 39. Rc1 {[%clk 00:10:53]} Bc5 {[%clk 01:28:21]} 40. Be3 {[%clk
00:10:53]} Bxd4 {[%clk 01:28:21]} 41. Bxd4 {[%clk 00:10:53]} Rxd4+ {[%clk
01:28:21]} 42. Kxd4 {[%clk 00:10:53]} Nb3+ {[%clk 01:28:21]} 43. Ke3 {[%clk
00:10:53]} Nxc1 {[%clk 01:28:21]} 44. Bd5 {[%clk 00:10:53]} 1-0

[Event "Deutsche Ländermeisterschaft 2024"]
[Site "Tübingen GER"]
[Date "2024.10.04"]
[Round "4"]
[White "Rafikova, Ailin"]
[Black "Brunner, Sophia"]
[Result "0-1"]
[Termination "normal"]
[Board "5.7"]
[WhiteElo "1707"]
[BlackElo "1863"]
[WhiteClock "00:03:21"]
[BlackClock "01:23:35"]
[WhiteTeam "Baden"]
[BlackTeam "Niedersachsen"]
[PlyCount "66"]
[WhiteFideId "34612173"]
[BlackFideId "12960683"]
[EventCountry "GER"]
[EventRounds "7"]
[EventType "team-swiss"]
[EventDate "2024.10.02"]

1. e4 {[%clk 01:30:58]} {[%emt 00:00:01]} e6 {[%clk 01:30:51]} {[%emt
00:00:09]} 2. d4 {[%clk 01:31:21]} {[%emt 00:00:07]} d5 {[%clk 01:31:07]}
{[%emt 00:00:14]} 3. Nd2 {[%clk 01:31:32]} {[%emt 00:00:19]} Nc6 {[%clk
01:31:21]} {[%emt 00:00:16]} 4. c3 {[%clk 01:29:25]} {[%emt 00:02:37]} e5
{[%clk 01:31:16]} {[%emt 00:00:35]} 5. dxe5 {[%clk 01:22:33]} {[%emt 00:07:22]}
Nxe5 {[%clk 01:23:35]} {[%emt 00:08:12]} 6. Ngf3 {[%clk 00:03:21]} Nxf3+ {[%clk
01:23:35]} 7. Qxf3 {[%clk 00:03:21]} dxe4 {[%clk 01:23:35]} 8. Nxe4 {[%clk
00:03:21]} Be6 {[%clk 01:23:35]} 9. Bd3 {[%clk 00:03:21]} Qd5 {[%clk 01:23:35]}
10. O-O {[%clk 00:03:21]} O-O-O {[%clk 01:23:35]} 11. Rd1 {[%clk 00:03:21]} Qc6
{[%clk 01:23:35]} 12. Qe2 {[%clk 00:03:21]} h6 {[%clk 01:23:35]} 13. Bf4 {[%clk
00:03:21]} a6 {[%clk 01:23:35]} 14. b4 {[%clk 00:03:21]} Bd6 {[%clk 01:23:35]}
15. b5 {[%clk 00:03:21]} axb5 {[%clk 01:23:35]} 16. Nxd6+ {[%clk 00:03:21]}
cxd6 {[%clk 01:23:35]} 17. Bxb5 {[%clk 00:03:21]} Qc5 {[%clk 01:23:35]} 18.
Rab1 {[%clk 00:03:21]} Nf6 {[%clk 01:23:35]} 19. Qb2 {[%clk 00:03:21]} Bd5
{[%clk 01:23:35]} 20. Be3 {[%clk 00:03:21]} Qc7 {[%clk 01:23:35]} 21. Bb6
{[%clk 00:03:21]} Qxb6 {[%clk 01:23:35]} 22. Qa3 {[%clk 00:03:21]} Bc6 {[%clk
01:23:35]} 23. Bc4 {[%clk 00:03:21]} Qc5 {[%clk 01:23:35]} 24. Qb3 {[%clk
00:03:21]} Ne4 {[%clk 01:23:35]} 25. Rb2 {[%clk 00:03:21]} d5 {[%clk 01:23:35]}
26. Bd3 {[%clk 00:03:21]} Rhe8 {[%clk 01:23:35]} 27. Rc1 {[%clk 00:03:21]} g6
{[%clk 01:23:35]} 28. Qc2 {[%clk 00:03:21]} f5 {[%clk 01:23:35]} 29. h3 {[%clk
00:03:21]} Nd6 {[%clk 01:23:35]} 30. Qb3 {[%clk 00:03:21]} Nc4 {[%clk
01:23:35]} 31. Bxc4 {[%clk 00:03:21]} dxc4 {[%clk 01:23:35]} 32. Qc2 {[%clk
00:03:21]} Rd3 {[%clk 01:23:35]} 33. Rd1 {[%clk 00:03:21]} Qd5 {[%clk
01:23:35]} 0-1

[Event "Deutsche Ländermeisterschaft 2024"]
[Site "Tübingen GER"]
[Date "2024.10.04"]
[Round "4"]
[White "Windmüller, Simon"]
[Black "Karle, Sam"]
[Result "1/2-1/2"]
[Termination "normal"]
[Board "6.2"]
[WhiteElo "2052"]
[BlackElo "2124"]
[WhiteClock "01:17:50"]
[BlackClock "01:20:21"]
[WhiteTeam "Saarland & Friends"]
[BlackTeam "Württemberg"]
[PlyCount "47"]
[WhiteFideId "16274032"]
[BlackFideId "16290089"]
[EventCountry "GER"]
[EventRounds "7"]
[EventType "team-swiss"]
[EventDate "2024.10.02"]

1. Nf3 {[%clk 01:30:51]} {[%emt 00:00:08]} Nf6 {[%clk 01:30:51]} {[%emt
00:00:09]} 2. g3 {[%clk 01:31:12]} {[%emt 00:00:10]} b5 {[%clk 01:31:12]}
{[%emt 00:00:09]} 3. Bg2 {[%clk 01:31:31]} {[%emt 00:00:11]} Bb7 {[%clk
01:31:35]} {[%emt 00:00:07]} 4. O-O {[%clk 01:31:13]} {[%emt 00:00:49]} e6
{[%clk 01:31:48]} {[%emt 00:00:16]} 5. d3 {[%clk 01:31:16]} {[%emt 00:00:27]}
c5 {[%clk 01:32:05]} {[%emt 00:00:14]} 6. e4 {[%clk 01:31:23]} {[%emt
00:00:23]} d6 {[%clk 01:32:24]} {[%emt 00:00:11]} 7. Nbd2 {[%clk 01:30:10]}
{[%emt 00:01:44]} Be7 {[%clk 01:32:29]} {[%emt 00:00:24]} 8. Re1 {[%clk
01:30:27]} {[%emt 00:00:14]} Nbd7 {[%clk 01:32:37]} {[%emt 00:00:22]} 9. Nf1
{[%clk 01:28:58]} {[%emt 00:01:59]} a5 {[%clk 01:30:20]} {[%emt 00:02:47]} 10.
a4 {[%emt 00:04:49]} b4 {[%emt 00:02:01]} 11. Nh4 {[%clk 01:23:35]} {[%emt
00:03:18]} Qc7 {[%clk 01:23:28]} 12. b3 {[%clk 01:23:46]} d5 {[%clk 01:20:21]}
13. exd5 {[%clk 01:17:50]} Nxd5 {[%clk 01:11:47]} 14. Bb2 {[%clk 01:17:54]} Bf6
{[%clk 01:20:21]} 15. Bxf6 {[%clk 01:17:50]} N7xf6 {[%clk 01:20:21]} 16. Ne3
{[%clk 01:17:50]} Nxe3 {[%clk 01:20:21]} 17. Rxe3 {[%clk 01:17:50]} Bxg2 {[%clk
01:20:21]} 18. Nxg2 {[%clk 01:17:50]} O-O {[%clk 01:20:21]} 19. Qf3 {[%clk
01:17:50]} Rad8 {[%clk 01:20:21]} 20. Ree1 {[%clk 01:17:50]} Nd5 {[%clk
01:20:21]} 21. Ne3 {[%clk 01:17:50]} Nxe3 {[%clk 01:20:21]} 22. Rxe3 {[%clk
01:17:50]} Rd5 {[%clk 01:20:21]} 23. Rae1 {[%clk 01:17:50]} Rfd8 {[%clk
01:20:21]} 24. Re4 {[%clk 01:17:50]} 1/2-1/2

[Event "Deutsche Ländermeisterschaft 2024"]
[Site "Tübingen GER"]
[Date "2024.10.04"]
[Round "4"]
[White "Hoffmann, Sophia"]
[Black "Bursan, Ana-Maria"]
[Result "1/2-1/2"]
[Termination "normal"]
[Board "6.6"]
[WhiteElo "1720"]
[BlackElo "1769"]
[WhiteClock "00:01:06"]
[BlackClock "00:00:37"]
[WhiteTeam "Saarland & Friends"]
[BlackTeam "Württemberg"]
[PlyCount "71"]
[WhiteFideId "16259130"]
[BlackFideId "34620150"]
[EventCountry "GER"]
[EventRounds "7"]
[EventType "team-swiss"]
[EventDate "2024.10.02"]

1. d4 {[%clk 01:30:57]} {[%emt 00:00:01]} d5 {[%clk 01:30:55]} {[%emt
00:00:05]} 2. Nf3 {[%clk 01:31:21]} {[%emt 00:00:06]} Nf6 {[%clk 01:30:42]}
{[%emt 00:00:43]} 3. Bf4 {[%clk 01:30:02]} {[%emt 00:01:49]} c5 {[%clk
01:29:16]} {[%emt 00:01:56]} 4. e3 {[%clk 01:29:51]} {[%emt 00:00:42]} Qb6
{[%clk 01:28:55]} {[%emt 00:00:50]} 5. Qc1 {[%clk 01:22:50]} {[%emt 00:07:32]}
cxd4 {[%clk 01:25:16]} {[%emt 00:04:09]} 6. exd4 {[%clk 01:20:13]} {[%emt
00:03:08]} Nc6 {[%clk 01:24:19]} {[%emt 00:01:26]} 7. c3 {[%clk 01:19:17]}
{[%emt 00:01:26]} Bg4 {[%clk 01:21:05]} {[%emt 00:03:43]} 8. Nbd2 {[%clk
01:17:31]} {[%emt 00:02:16]} e6 {[%clk 01:17:08]} {[%emt 00:04:28]} 9. Bd3
{[%clk 01:14:40]} {[%emt 00:03:21]} Nh5 {[%clk 01:13:21]} {[%emt 00:04:16]} 10.
Bg3 {[%clk 01:13:19]} {[%emt 00:01:52]} Nxg3 {[%clk 01:12:33]} {[%emt
00:01:17]} 11. hxg3 {[%clk 01:13:22]} {[%emt 00:00:28]} Bd6 {[%clk 01:09:19]}
{[%emt 00:03:43]} 12. Qc2 {[%clk 01:10:53]} {[%emt 00:02:58]} h6 {[%clk
01:07:21]} {[%emt 00:02:29]} 13. Nh2 {[%clk 00:59:34]} {[%emt 00:11:49]} f5
{[%clk 00:59:05]} {[%emt 00:08:46]} 14. Nxg4 {[%clk 00:58:06]} {[%emt
00:01:59]} fxg4 {[%clk 00:59:23]} {[%emt 00:00:12]} 15. Bg6+ {[%clk 00:57:23]}
{[%emt 00:01:13]} Kd7 {[%clk 00:57:51]} {[%emt 00:02:02]} 16. Bh5 {[%clk
00:48:45]} {[%emt 00:09:09]} Rac8 {[%clk 00:50:34]} {[%emt 00:07:46]} 17. Bxg4
{[%clk 00:35:17]} {[%emt 00:13:59]} Nxd4 {[%clk 00:43:47]} {[%emt 00:07:16]}
18. Qg6 {[%clk 00:30:53]} {[%emt 00:04:54]} Nf5 {[%clk 00:35:12]} {[%emt
00:09:04]} 19. Bxf5 {[%clk 00:17:51]} {[%emt 00:13:33]} exf5 {[%clk 00:35:11]}
{[%emt 00:00:32]} 20. Qxf5+ {[%clk 00:14:37]} {[%emt 00:03:44]} Kc7 {[%clk
00:26:46]} {[%emt 00:08:55]} 21. O-O-O {[%clk 00:10:26]} {[%emt 00:04:40]} Kb8
{[%clk 00:22:17]} {[%emt 00:05:00]} 22. Qxd5 {[%clk 00:09:59]} {[%emt
00:00:57]} Ba3 {[%clk 00:14:54]} {[%emt 00:07:52]} 23. Qe5+ {[%clk 00:07:05]}
{[%emt 00:03:25]} Bd6 {[%clk 00:14:32]} {[%emt 00:00:52]} 24. Qxg7 {[%clk
00:05:45]} {[%emt 00:01:50]} Rxc3+ {[%clk 00:09:24]} {[%emt 00:05:38]} 25. bxc3
{[%clk 00:00:37]} {[%emt 00:05:38]} Ba3+ {[%clk 00:09:18]} {[%emt 00:00:35]}
26. Kc2 {[%clk 00:00:59]} {[%emt 00:00:08]} Qb2+ {[%clk 00:09:10]} {[%emt
00:00:38]} 27. Kd3 {[%clk 00:01:22]} {[%emt 00:00:08]} Qb5+ {[%clk 00:06:21]}
{[%emt 00:03:19]} 28. c4 {[%clk 00:00:33]} {[%emt 00:01:20]} Qf5+ {[%clk
00:05:49]} {[%emt 00:01:02]} 29. Ne4 {[%clk 00:00:37]} {[%emt 00:00:26]} Rd8+
{[%clk 00:05:46]} {[%emt 00:00:32]} 30. Kc3 {[%clk 00:00:35]} {[%emt 00:00:33]}
Qa5+ {[%clk 00:05:24]} {[%emt 00:00:52]} 31. Kc2 {[%clk 00:00:32]} {[%emt
00:00:34]} Qa4+ {[%clk 00:05:39]} {[%emt 00:00:14]} 32. Kc3 {[%clk 00:00:35]}
{[%emt 00:00:27]} Bb4+ {[%clk 00:04:01]} {[%emt 00:02:08]} 33. Kb2 {[%clk
00:00:55]} {[%emt 00:00:10]} Ba3+ {[%clk 00:02:57]} {[%emt 00:01:34]} 34. Kc3
{[%clk 00:01:03]} {[%emt 00:00:22]} Bb4+ {[%clk 00:00:57]} {[%emt 00:02:31]}
35. Kb2 {[%clk 00:01:04]} {[%emt 00:00:26]} Ba3+ {[%clk 00:00:37]} {[%emt
00:00:53]} 36. Kc3 {[%clk 00:01:06]} {[%emt 00:00:21]} 1/2-1/2